000 00918 a2200193 4500
001 39719
005 20260407155654.0
008 260407a1972 arg spa d
003 AR-UNSa-BCEJYS
040 _aAR-UNSa-BCEJYS
_bspa
_cAR-UNSa-BCEJYS
080 _a911.2:556
_xHidrogeografía
245 1 0 _aGeografía de los mares
264 1 _aBarcelona :
_bAriel
_c1972
300 _a329 p.
_c21 cm.
505 _aParte I: El medio físico y biológico: 1. Los océanos y los mares - 2. La vida marina - Parte II: El Mar, fuente de riquezas : 1. Pesca y caza en el mar - 2. La mar nuticia - 3. La agricultura del mar - 4. Los productos minerales de origen marino - Parte III: El Mar, vínculo entre los pueblos y reino del esparcimiento : 1. La flota mundial - 2. La navegación marítima - 3. El turismo costero y marítimo.
942 _cBK
590 _aniveau_biblio:m niveau_hierar:0
100 1 _aDoumenge, François
999 _c3100
_d3100